=LDR 00000nam 2200000 4500 =001 INLIS000000000024667 =005 20130612123235 =008 ***********************************Ind** =035 ##$$0010-061300000024667 =041 ##$$a Ind =082 ##$$a 523.12 =090 ##$$a 523.12, War d =100 ##$$a Ward, Keith =245 ##$$a Dan tuhan tidak bermain dadu, Argumen bagi keterciptaan alam semesta, Keith Ward =260 ##$$a 2000 $b Bandung =300 ##$$a 287 hlm, 23 cm =650 ##$$a Alam Semesta =850 ##$$a NBPNMAT